MARC

LEADER 00000nam0a2200000 4500
001 272063
005 20231101234509.0
035 |a (RuTPU)RU\TPU\book\295268 
090 |a 272063 
100 |a 20141015d1987 km y0rusy50 ca 
101 0 |a rus 
102 |a RU 
105 |a y z 000zy 
200 1 |a Системные исследования. Методологические проблемы. 1986  |e ежегодник  |f Академия наук СССР (АН СССР), Всесоюзный научно-исследовательский институт системных исследований (ВНИИСИ) ; под ред. Д. М. Гвишиани 
210 |a Москва  |c Наука  |d 1987 
215 |a 446 с. 
606 1 |a Системные исследования  |2 stltpush  |3 (RuTPU)RU\TPU\subj\68146  |9 83647 
610 1 |a методология 
610 1 |a наука 
610 1 |a научные исследования 
610 1 |a логико-методологический анализ 
610 1 |a общество 
610 1 |a общественное развитие 
610 1 |a управление 
610 1 |a системные методы 
610 1 |a системные модели 
610 1 |a физиология 
610 1 |a психология 
686 |a Ч215  |v LBC/SL-A  |2 rubbk 
702 1 |a Гвишиани  |b Д. М.  |4 340 
712 0 2 |a Академия наук СССР (АН СССР)  |b Всесоюзный научно-исследовательский институт системных исследований (ВНИИСИ)  |c (Москва)  |c (1886-1991)  |2 stltpush  |3 (RuTPU)RU\TPU\col\259 
801 1 |a RU  |b 63413507  |c 20141015 
801 2 |a RU  |b 63413507  |c 20161213  |g RCR 
942 |c BK